01419nam a2200337 i 4500001001000000003001000010005001700020007000300037008004100040020001800081040004800099041001300147082002200160100003300182240003300215245009100248264004800339264001100387300002700398336002700425337003300452338002800485490003400513500003700547505033500584563001400919630005300933653003400986653002701020700003401047768714001CO-MdFUSB20260423120023.0ta241108t1995 -us||||| b||| 00| 0 spa d a0-8254-1304-4 bspa.aCO-MdFUSBcCO-MdFUSBdCO-MdFUSBCerda aspaheng 223a226.507bH318 aHarrison, Everett F. eautor aJohn : the Gospel of faith. 1 aJuan : bel evangelio de la fec/ Everett F. Harrison ; traducido por Santiago Escuain 1aGrand Rapids, Michigan :bPortavoz,c[1995] 4c©1995 a110 páginasc; 19 cm 2rdacontentatextobtxt 2rdamediaasin mediaciónbn 2rdacarrieravolumenbnc aComentario Bíblico Portavoz aIncluye índice, bibliografía aIntroducción — Bosquejo — Prólogo (1:1-18) — El testimonio del Hijo de Dios al mundo (1:19-12:50) — El testimonio del Hijo de Dios a los suyos (13:1-17:26) — El testimonio del Hijo de Dios en obediencia al Padre hasta la muerte (18:1-19:42) — El testimonio del Señor resucitado (20:1-31) — Epílogo (21:1-25). aRústica07aBiblia.pJuanxCrítica, interpretación, etc. aBiblia. Juan — Comentarios  aEvangelio según Juan aEscuain, Santiago.etraductor